| 000 | 00589nam a22001697a 4500 | ||
|---|---|---|---|
| 003 | SGT | ||
| 020 | _a9788191064230 | ||
| 082 | _a519.5,KHA | ||
| 100 | _aKHANDELWAL,S.K | ||
| 245 | _aBUSINESS STATISTICS | ||
| 250 | _a2ND | ||
| 260 |
_aNEW DELHI _bINTERNATIONAL BOOK HOUSE _c2011 |
||
| 300 | _a568 | ||
| 650 | _aPROBABILITIES & APPLIED MATHEMATICS | ||
| 653 | _aSTATISTICS: AN INTRODUCTION, DATA COLLECTION, FREQUENCY DISTRIBUTION AND PRESENTATION OF DATA, MEASURES OF CENTRAL TENDENCY, MEASURES OF DISPERSION, MOMENTS SKEWNESS AND KURTOSIS, CORRELATION ANANLYSIS | ||
| 942 |
_2ddc _cFCM _061 |
||
| 999 |
_c8858 _d8858 |
||